[Event "Titled Tuesday intern op 12th Mar Late"]
[Site "Chess.com INT"]
[Date "2024.03.12"]
[Round "7"]
[White "Bagrationi, Alexander"]
[Black "Marn, Jan"]
[Result "1-0"]
[WhiteElo "2439"]
[BlackElo "2341"]
[PlyCount "97"]
[EventDate "2024.03.12"]
[EventType "swiss (blitz)"]
[EventRounds "11"]
[EventCountry "USA"]
[SourceTitle "CB12_2024"]
[SourceDate "2023.10.01"]
[SourceVersion "1"]
[SourceVersionDate "2023.10.01"]
[SourceQuality "1"]

1. e4 e5 2. d4 exd4 3. Qxd4 Nc6 4. Qe3 Nf6 5. Bd2 Be7 6. Nc3 d5 7. exd5 Nxd5 8. Qg3 Nxc3 9. Bxc3 Bf6 10. Bxf6 Qxf6 11. 0-0-0 0-0 12. Nf3 Bf5 13. Nh4 Be4 14. f3 Bg6 15. Nxg6 hxg6 16. h4 Rad8 17. Bd3 Nb4 18. Be4 Nxa2+ 19. Kb1 Nb4 20. Qxc7 Rc8 21. Qd6 Qxd6 22. Rxd6 b6 23. h5 gxh5 24. Rxh5 g6 25. Rb5 Na6 26. Bb7 Nc7 27. Re5 Rcd8 28. Rxd8 Rxd8 29. Re7 Ne6 30. Be4 a5 31. c4 Nc5 32. Bd5 b5 33. Bxf7+ Kg7 34. Bd5+ Kf6 35. Rc7 Nd3 36. Be4 Nb4 37. Kc1 Na2+ 38. Kc2 Nb4+ 39. Kb3 bxc4+ 40. Rxc4 Rd2 41. g4 Ke5 42. Rc5+ Kd4 43. Rxa5 Nd3 44. Rd5+ Ke3 45. Rxd3+ Rxd3+ 46. Bxd3 Kxd3 47. f4 Ke3 48. f5 Kf4 49. fxg6 1-0

[Event "Titled Tuesday intern op 12th Mar Late"]
[Site "Chess.com INT"]
[Date "2024.03.12"]
[Round "6"]
[White "Marn, Jan"]
[Black "Ambartsumova, Karina"]
[Result "0-1"]
[WhiteElo "2341"]
[BlackElo "2418"]
[PlyCount "94"]
[EventDate "2024.03.12"]
[EventType "swiss (blitz)"]
[EventRounds "11"]
[EventCountry "USA"]
[SourceTitle "CB12_2024"]
[SourceDate "2023.10.01"]
[SourceVersion "1"]
[SourceVersionDate "2023.10.01"]
[SourceQuality "1"]

1. d4 Nf6 2. Bf4 e6 3. e3 b6 4. Nf3 Bb7 5. Nbd2 Nh5 6. Bg5 Be7 7. Bxe7 Qxe7 8. Bd3 a6 9. a4 d6 10. a5 b5 11. Qe2 Nd7 12. 0-0 c5 13. c4 b4 14. Be4 d5 15. Bd3 cxd4 16. Nxd4 Nhf6 17. cxd5 Nxd5 18. Rfc1 0-0 19. Nc6 Qh4 20. Rc4 Qf6 21. Ne4 Qh6 22. Nd6 Bxc6 23. Rxc6 Nb8 24. Rc5 Nd7 25. Rc6 Nb8 26. Rcc1 g6 27. h3 Qg7 28. Nc4 Nd7 29. Nd6 Qe5 30. Ne4 Ra7 31. Nc5 Nxc5 32. Rxc5 Qd6 33. Rac1 Rfa8 34. Rc6 Qd8 35. R1c5 b3 36. Rxa6 Nb4 37. Rxa7 Rxa7 38. Bc4 Rxa5 39. Rxa5 Qxa5 40. Bxb3 Qa1+ 41. Kh2 Kg7 42. Bc4 Qc1 43. b3 Qc3 44. Qf3 Nc2 45. Qb7 Qd2 46. Qf3 Qd6+ 47. Qf4 Qc5 0-1

[Event "Titled Tuesday intern op 12th Mar Late"]
[Site "Chess.com INT"]
[Date "2024.03.12"]
[Round "2"]
[White "Moore, Alex M"]
[Black "Marn, Jan"]
[Result "0-1"]
[WhiteElo "1947"]
[BlackElo "2341"]
[PlyCount "56"]
[EventDate "2024.03.12"]
[EventType "swiss (blitz)"]
[EventRounds "11"]
[EventCountry "USA"]
[SourceTitle "CB12_2024"]
[SourceDate "2023.10.01"]
[SourceVersion "1"]
[SourceVersionDate "2023.10.01"]
[SourceQuality "1"]

1. d4 e6 2. c4 f5 3. Nf3 Nf6 4. Bg5 Be7 5. Nc3 0-0 6. Bxf6 Bxf6 7. e4 fxe4 8. Nxe4 b6 9. Bd3 Bb7 10. Ne5 Nc6 11. Qh5 g6 12. Nxg6 hxg6 13. Qxg6+ Bg7 14. Nd6 cxd6 15. Qh7+ Kf7 16. Qg6+ Ke7 17. Qxg7+ Rf7 18. Qg5+ Kf8 19. Qh6+ Rg7 20. Qh8+ Rg8 21. Qh6+ Kf7 22. Qh5+ Kg7 23. Qh7+ Kf8 24. Qh6+ Rg7 25. Qh8+ Kf7 26. Qh5+ Kf6 27. Qh6+ Kf7 28. Qh5+ Kg8 0-1

[Event "Titled Tuesday intern op 13th Feb Early"]
[Site "Chess.com INT"]
[Date "2024.02.13"]
[Round "5"]
[White "Marn, Jan"]
[Black "Bongo Akanga Ndjila, Barthelemy"]
[Result "1-0"]
[WhiteElo "2341"]
[BlackElo "1824"]
[PlyCount "129"]
[EventDate "2024.02.13"]
[EventType "swiss (blitz)"]
[EventRounds "11"]
[EventCountry "USA"]
[SourceTitle "CB08_2024"]
[SourceDate "2024.02.21"]
[SourceVersion "1"]
[SourceVersionDate "2024.02.21"]
[SourceQuality "1"]

1. d4 d5 2. c4 e6 3. Nf3 a6 4. Nbd2 Nf6 5. e3 dxc4 6. Bxc4 b5 7. Be2 Bb7 8. b3 c5 9. Bb2 cxd4 10. Nxd4 Be7 11. 0-0 Nbd7 12. Bf3 Bxf3 13. Qxf3 Ne5 14. Qg3 Ng6 15. Rfd1 0-0 16. a4 bxa4 17. Rxa4 Qb6 18. Nc4 Qb7 19. Na5 Qe4 20. Rc1 Rfc8 21. Ndc6 Qd3 22. Rd4 Qb5 23. Rdc4 Re8 24. Nxe7+ Rxe7 25. Rc5 Qb4 26. Bxf6 gxf6 27. h4 Kh8 28. h5 Ne5 29. Rc8+ Re8 30. Rxa8 Rxa8 31. h6 Rg8 32. Rc8 Ng6 33. Rxg8+ Kxg8 34. Nc6 Qf8 35. Qb8 f5 36. Qxf8+ Kxf8 37. Nb8 a5 38. Nc6 Ke8 39. Nxa5 Kd7 40. Nc4 Kc6 41. Nb2 Kc5 42. Nd3+ Kd5 43. Kf1 e5 44. Ke2 e4 45. Ne1 Kc5 46. Nc2 Ne5 47. Nd4 f4 48. b4+ Kc4 49. b5 Nd7 50. Kd2 fxe3+ 51. fxe3 Nb6 52. Nf5 Kxb5 53. Nd6+ Kc5 54. Nxf7 Kd5 55. Ng5 Nd7 56. Nxh7 Ke5 57. Ng5 Kf5 58. h7 Kxg5 59. h8Q Kf5 60. Qh7+ Ke5 61. Qxd7 Kf6 62. Qg4 Ke5 63. Qf4+ Kd5 64. Qf5+ Kc4 65. Qxe4+ 1-0

[Event "Titled Tuesday intern op 13th Feb Early"]
[Site "Chess.com INT"]
[Date "2024.02.13"]
[Round "1"]
[White "Marn, Jan"]
[Black "Hakobyan, Aram"]
[Result "0-1"]
[WhiteElo "2341"]
[BlackElo "2619"]
[PlyCount "102"]
[EventDate "2024.02.13"]
[EventType "swiss (blitz)"]
[EventRounds "11"]
[EventCountry "USA"]
[SourceTitle "CB08_2024"]
[SourceDate "2024.02.21"]
[SourceVersion "1"]
[SourceVersionDate "2024.02.21"]
[SourceQuality "1"]

1. d4 Nf6 2. Nf3 d5 3. c4 e6 4. g3 Be7 5. Bg2 0-0 6. 0-0 dxc4 7. Qc2 a6 8. a4 Bd7 9. Qxc4 Bc6 10. Bg5 Nbd7 11. Nc3 a5 12. Rfd1 Ra6 13. Bxf6 Nxf6 14. Ne5 Bxg2 15. Kxg2 Rb6 16. Rd2 Rb4 17. Qd3 c6 18. Rad1 Nd5 19. Qc2 Bg5 20. Rd3 Bf6 21. e4 Nb6 22. b3 Nd7 23. Na2 Rb6 24. Nc4 Ra6 25. Nc3 Nb6 26. Ne3 Qc7 27. Ne2 Rc8 28. Rc1 Qd8 29. Qd1 Raa8 30. Rc5 Nd7 31. Rc2 Nf8 32. h4 Qb6 33. d5 cxd5 34. Rxc8 Rxc8 35. exd5 exd5 36. Nxd5 Qc6 37. Kh2 Re8 38. Nef4 Be5 39. Qf3 Bxf4 40. Qxf4 Qc2 41. Rd2 Qc6 42. Qg4 Ng6 43. Qf3 Ne5 44. Qf4 h6 45. h5 Qe6 46. Kg2 Qc6 47. Kh2 Qc1 48. Re2 Qxf4 49. gxf4 Nf3+ 50. Kg3 Rxe2 51. Kxf3 Rb2 0-1

[Event "Titled Tuesday intern op 06th Feb Early"]
[Site "Chess.com INT"]
[Date "2024.02.06"]
[Round "8"]
[White "Marn, Jan"]
[Black "Yagupov, Igor"]
[Result "0-1"]
[WhiteElo "2341"]
[BlackElo "2290"]
[PlyCount "96"]
[EventDate "2024.02.06"]
[EventType "swiss (blitz)"]
[EventRounds "11"]
[EventCountry "USA"]
[SourceTitle "CB07_2024"]
[SourceDate "2024.02.14"]
[SourceVersion "1"]
[SourceVersionDate "2024.02.14"]
[SourceQuality "1"]

1. f4 c5 2. b3 d5 3. Bb2 Nc6 4. e3 Nf6 5. Nf3 g6 6. Be2 Bg7 7. 0-0 0-0 8. d3 Ng4 9. Bxg7 Kxg7 10. Qc1 d4 11. e4 e5 12. fxe5 Ne3 13. Re1 Qe7 14. Nbd2 Nxe5 15. Nxe5 Qxe5 16. Nf1 Nxf1 17. Rxf1 Be6 18. Qd1 b5 19. Bg4 f5 20. exf5 Bxf5 21. Bxf5 Rxf5 22. Rxf5 Qxf5 23. Qf1 Qxf1+ 24. Rxf1 Rf8 25. Rxf8 Kxf8 26. Kf2 Ke7 27. Kf3 Ke6 28. Ke4 a5 29. a4 bxa4 30. bxa4 Kd6 31. h4 Ke6 32. Kf4 Kf6 33. g4 h6 34. Ke4 Ke6 35. h5 g5 36. Kf3 Kd5 37. Kg3 c4 38. Kf3 c3 39. Ke2 Kc5 40. Kf3 Kb4 41. Ke4 Kxa4 42. Kxd4 Kb4 43. Ke5 a4 44. d4 a3 45. d5 a2 46. d6 a1Q 47. d7 Qa5+ 48. Ke6 Qd8 0-1

[Event "Titled Tuesday intern op 06th Feb Early"]
[Site "Chess.com INT"]
[Date "2024.02.06"]
[Round "3"]
[White "Sjugirov, Sanan"]
[Black "Marn, Jan"]
[Result "0-1"]
[WhiteElo "2695"]
[BlackElo "2341"]
[PlyCount "76"]
[EventDate "2024.02.06"]
[EventType "swiss (blitz)"]
[EventRounds "11"]
[EventCountry "USA"]
[SourceTitle "CB07_2024"]
[SourceDate "2024.02.14"]
[SourceVersion "1"]
[SourceVersionDate "2024.02.14"]
[SourceQuality "1"]

1. e4 e5 2. Nf3 Nc6 3. Bb5 a6 4. Ba4 d6 5. 0-0 Bd7 6. c4 Nf6 7. Nc3 Bg4 8. h3 Bxf3 9. Qxf3 Be7 10. Bxc6+ bxc6 11. d3 0-0 12. Be3 c5 13. Qe2 Nd7 14. f4 exf4 15. Bxf4 Bf6 16. Kh1 Bxc3 17. bxc3 Qe7 18. Qg4 Ne5 19. Qg3 Ng6 20. Bg5 Qe6 21. Rf5 Rab8 22. h4 f6 23. Be3 Ne7 24. Rf3 f5 25. Rf4 Ng6 26. Rxf5 Rxf5 27. exf5 Qxf5 28. Bg5 h6 29. Bd2 Rb2 30. Rd1 Qh5 31. Qf3 Qxf3 32. gxf3 Nxh4 33. Bc1 Rxa2 34. Rf1 Rc2 35. d4 Nxf3 36. Rxf3 Rxc1+ 37. Kg2 cxd4 38. cxd4 Rxc4 0-1

[Event "Titled Tuesday intern op 09th Jan Early"]
[Site "Chess.com INT"]
[Date "2024.01.09"]
[Round "1"]
[White "Marn, Jan"]
[Black "Kravtsiv, Martyn"]
[Result "0-1"]
[WhiteElo "2322"]
[BlackElo "2598"]
[PlyCount "82"]
[EventDate "2024.01.09"]
[EventType "swiss (blitz)"]
[EventRounds "11"]
[EventCountry "USA"]
[SourceTitle "CB03_2024"]
[SourceDate "2024.01.17"]
[SourceVersion "1"]
[SourceVersionDate "2024.01.17"]
[SourceQuality "1"]

1. f4 e5 2. e4 d5 3. d4 exf4 4. e5 Qh4+ 5. Ke2 b6 6. Nf3 Ba6+ 7. Kd2 Bb4+ 8. c3 Qf2+ 9. Be2 Be7 10. Qf1 Qe3+ 11. Kd1 Bxe2+ 12. Qxe2 Qxe2+ 13. Kxe2 g5 14. h4 g4 15. Ne1 h5 16. Bxf4 c5 17. Nd3 Nc6 18. Be3 0-0-0 19. Rf1 Bxh4 20. Rxf7 Nh6 21. Rf1 cxd4 22. cxd4 Rhf8 23. Rxf8 Rxf8 24. Bxh6 Nxd4+ 25. Kd2 Rf1 26. Be3 Nf5 27. Nb4 d4 28. Bxd4 Nxd4 29. Kd3 Rd1+ 30. Ke4 a5 31. Nd3 Nc2 32. Nc3 Rxa1 33. Nd5 Nb4 34. N3xb4 axb4 35. Nxb6+ Kd8 36. Kf5 Rg1 37. Kg6 Rxg2 38. Kxh5 Be7 39. Nc4 g3 40. Kg4 Rc2 41. b3 g2 0-1

[Event "Titled Tuesday intern op 26th Sep Early"]
[Site "Chess.com INT"]
[Date "2023.09.26"]
[Round "3"]
[White "Bogaudinov, Rushan"]
[Black "Marn, Jan"]
[Result "0-1"]
[WhiteElo "1853"]
[BlackElo "2335"]
[PlyCount "120"]
[EventDate "2023.09.26"]
[EventType "swiss (blitz)"]
[EventRounds "11"]
[EventCountry "USA"]
[SourceTitle "EXT 2024"]
[Source "ChessBase"]
[SourceDate "2023.10.10"]
[SourceVersion "1"]
[SourceVersionDate "2023.10.10"]
[SourceQuality "1"]

1. d4 Nf6 2. g3 h5 3. h3 h4 4. g4 e6 5. Bg2 d5 6. Nf3 Bd6 7. c4 c6 8. Nc3 Nbd7 9. Bg5 dxc4 10. e4 e5 11. 0-0 Qc7 12. d5 cxd5 13. Nb5 Qb6 14. Nxd6+ Qxd6 15. exd5 Qxd5 16. Qe2 Qd3 17. Rfe1 Qxe2 18. Rxe2 0-0 19. Nxe5 Nxe5 20. Rxe5 Be6 21. Bxh4 Rfd8 22. g5 Nd7 23. Rb5 a6 24. Rxb7 Rab8 25. g6 Rxb7 26. gxf7+ Kxf7 27. Bxb7 Rb8 28. Bxa6 Rxb2 29. a4 Nc5 30. Bb5 c3 31. Bg5 c2 32. Rc1 Nb3 33. Rf1 Rb1 34. Bd3 Rxf1+ 35. Kxf1 c1Q+ 36. Bxc1 Nxc1 37. Bb5 Bxh3+ 38. Ke1 Nb3 39. Ke2 Nd4+ 40. Ke3 Nxb5 41. axb5 Ke7 42. Kf4 g6 43. Ke5 Kd7 44. Kd5 Kc7 45. Kc5 Kb7 46. f4 Bf5 47. Kc4 Kb6 48. Kb4 Bd3 49. Kc3 Bxb5 50. Kd4 Bd7 51. Kd5 Bf5 52. Kd4 Kb5 53. Kd5 Kb4 54. Kd4 Kb3 55. Ke3 Kc3 56. Ke2 Kd4 57. Kf3 Kd3 58. Kg3 Ke4 59. Kf2 Kxf4 60. Kg2 g5 0-1

[Event "Titled Tuesday intern op 26th Sep Early"]
[Site "Chess.com INT"]
[Date "2023.09.26"]
[Round "2"]
[White "Marn, Jan"]
[Black "Polanco Nunez, Yoel Estarling"]
[Result "0-1"]
[WhiteElo "2335"]
[BlackElo "2204"]
[PlyCount "102"]
[EventDate "2023.09.26"]
[EventType "swiss (blitz)"]
[EventRounds "11"]
[EventCountry "USA"]
[SourceTitle "EXT 2024"]
[Source "ChessBase"]
[SourceDate "2023.10.10"]
[SourceVersion "1"]
[SourceVersionDate "2023.10.10"]
[SourceQuality "1"]

1. d4 Nf6 2. Nc3 d5 3. Bf4 c5 4. e3 a6 5. Nf3 Nc6 6. Be2 e6 7. 0-0 Bd6 8. Bxd6 Qxd6 9. dxc5 Qxc5 10. Nd2 0-0 11. Nb3 Qe7 12. Bf3 Rd8 13. Qe2 e5 14. e4 d4 15. Nd5 Nxd5 16. exd5 Nb4 17. Nxd4 Nxd5 18. Nb3 Nf4 19. Qe3 Bf5 20. g3 Nd5 21. Qe2 Nf6 22. Rad1 e4 23. Bg2 Qc7 24. Rxd8+ Rxd8 25. Rd1 Bg4 26. Rxd8+ Qxd8 27. Qd2 Qe7 28. Qd4 h5 29. Nd2 Bf5 30. Nf1 Qd7 31. Qxd7 Nxd7 32. Ne3 Bg6 33. Bh3 Nb6 34. b3 Kf8 35. c4 Ke7 36. c5 Nd7 37. Bxd7 Kxd7 38. b4 Kc6 39. a3 Kb5 40. Kf1 Ka4 41. Nc4 f6 42. Ke2 Be8 43. Kd2 Bb5 44. Nd6 Bc6 45. Kc3 Kxa3 46. Nf5 g6 47. Ne7 g5 48. Ng8 f5 49. Ne7 f4 50. Ng6 fxg3 51. hxg3 Ka4 0-1

[Event "Titled Tuesday intern op 26th Sep Early"]
[Site "Chess.com INT"]
[Date "2023.09.26"]
[Round "4"]
[White "Marn, Jan"]
[Black "Zaksaite, Salomeja"]
[Result "1-0"]
[WhiteElo "2335"]
[BlackElo "2217"]
[PlyCount "49"]
[EventDate "2023.09.26"]
[EventType "swiss (blitz)"]
[EventRounds "11"]
[EventCountry "USA"]
[SourceTitle "EXT 2024"]
[Source "ChessBase"]
[SourceDate "2023.10.10"]
[SourceVersion "1"]
[SourceVersionDate "2023.10.10"]
[SourceQuality "1"]

1. b3 e5 2. Bb2 d6 3. d3 f5 4. Nd2 Nf6 5. e3 g6 6. g3 Bg7 7. Bg2 0-0 8. Ne2 c6 9. 0-0 Nbd7 10. h3 Qe7 11. a3 a5 12. f4 exf4 13. exf4 Re8 14. Re1 Qe3+ 15. Kh2 Ng4+ 16. hxg4 Bxb2 17. Nc4 Qf2 18. Nxb2 Nf6 19. Nc3 Nxg4+ 20. Qxg4 fxg4 21. Rxe8+ Kg7 22. Rae1 Qxc2 23. R1e7+ Kh6 24. Ne4 Bf5 25. Ng5 1-0

[Event "Titled Tuesday intern op 26th Sep Early"]
[Site "Chess.com INT"]
[Date "2023.09.26"]
[Round "1"]
[White "Santos Latasa, Jaime"]
[Black "Marn, Jan"]
[Result "1-0"]
[WhiteElo "2647"]
[BlackElo "2335"]
[PlyCount "65"]
[EventDate "2023.09.26"]
[EventType "swiss (blitz)"]
[EventRounds "11"]
[EventCountry "USA"]
[SourceTitle "EXT 2024"]
[Source "ChessBase"]
[SourceDate "2023.10.10"]
[SourceVersion "1"]
[SourceVersionDate "2023.10.10"]
[SourceQuality "1"]

1. Nf3 Nf6 2. c4 Nc6 3. Nc3 e5 4. e3 d6 5. d4 Be7 6. d5 Nb8 7. e4 a5 8. Be3 Na6 9. Be2 Nd7 10. a3 Nac5 11. b4 axb4 12. axb4 Rxa1 13. Qxa1 Na6 14. Qb2 0-0 15. 0-0 f5 16. exf5 Rxf5 17. Ne4 Rf8 18. Rd1 Nf6 19. Nfd2 Bf5 20. Ng5 Nxd5 21. cxd5 Bxg5 22. Nc4 Nb8 23. Rc1 Nd7 24. Qd2 Bxe3 25. Nxe3 Bg6 26. Qc3 Qh4 27. Qe1 Rc8 28. Bg4 Qe7 29. Rc3 c6 30. Qc1 Rc7 31. dxc6 bxc6 32. Nd5 cxd5 33. Rxc7 1-0

[Event "Titled Tuesday intern op 19th Sep Early"]
[Site "Chess.com INT"]
[Date "2023.09.19"]
[Round "5"]
[White "Marn, Jan"]
[Black "Ovetchkin, Roman"]
[Result "0-1"]
[WhiteElo "2335"]
[BlackElo "2518"]
[PlyCount "116"]
[EventDate "2023.09.19"]
[EventType "swiss (blitz)"]
[EventRounds "11"]
[EventCountry "USA"]
[SourceTitle "EXT 2024"]
[Source "ChessBase"]
[SourceDate "2023.10.10"]
[SourceVersion "1"]
[SourceVersionDate "2023.10.10"]
[SourceQuality "1"]

1. f4 d5 2. Nf3 Bg4 3. Ne5 Bf5 4. e3 f6 5. Nf3 e5 6. Be2 exf4 7. exf4 Nh6 8. 0-0 Bd6 9. d3 c5 10. Nc3 d4 11. Ne4 Be7 12. Ng3 Bc8 13. Nd2 f5 14. Bh5+ g6 15. Bf3 Nc6 16. Nc4 Nf7 17. Re1 0-0 18. a4 Bf6 19. Bd2 Bd7 20. a5 Re8 21. Rxe8+ Qxe8 22. Qe1 Kg7 23. Qxe8 Rxe8 24. Re1 Rxe1+ 25. Bxe1 Kf8 26. Nf1 Ke7 27. Nfd2 Nb4 28. Na3 Nd6 29. Ndc4 Nxc4 30. Bxb4 cxb4 31. Nxc4 Bc8 32. Kf2 Ke6 33. b3 Bd8 34. g4 Bc7 35. gxf5+ Kxf5 36. Be4+ Kxf4 37. Kg2 b5 38. axb6 axb6 39. Nd2 b5 40. Kf2 Be5 41. Nf3 Bf6 42. Kg2 Bd7 43. Ng1 Ke3 44. Nf3 Be8 45. h3 g5 46. Nh2 h5 47. Nf3 g4 48. hxg4 hxg4 49. Nh2 Bd7 50. Nf1+ Ke2 51. Ng3+ Kd2 52. Bd5 Be5 53. Ne4+ Kxc2 54. Nc5 Bf5 55. Bc6 Bd6 56. Ne4 Be7 57. Bxb5 Kxb3 58. Bc4+ Kc2 0-1

[Event "Titled Tuesday intern op 22nd Aug Early"]
[Site "Chess.com INT"]
[Date "2023.08.22"]
[Round "3"]
[White "Marn, Jan"]
[Black "Gubajdullin, Alexey"]
[Result "1/2-1/2"]
[WhiteElo "2324"]
[BlackElo "2253"]
[PlyCount "160"]
[EventDate "2023.08.22"]
[EventType "swiss (blitz)"]
[EventRounds "11"]
[EventCountry "USA"]
[SourceTitle "EXT 2024"]
[Source "ChessBase"]
[SourceDate "2023.10.10"]
[SourceVersion "1"]
[SourceVersionDate "2023.10.10"]
[SourceQuality "1"]

1. f4 Nf6 2. Nf3 g6 3. e3 Bg7 4. Be2 0-0 5. 0-0 d6 6. d3 c5 7. e4 Nc6 8. Qe1 Bg4 9. c3 b5 10. h3 Bxf3 11. Bxf3 Qb6 12. Be3 b4 13. Nd2 Qa6 14. Nc4 Nd7 15. cxb4 Nxb4 16. Qd2 Nb6 17. e5 Rad8 18. a3 Nxd3 19. Nxb6 axb6 20. Be2 dxe5 21. fxe5 Bxe5 22. Rad1 c4 23. Bh6 Rfe8 24. Qg5 f6 25. Qg4 b5 26. b3 Qb6+ 27. Kh1 e6 28. Bxd3 cxd3 29. a4 bxa4 30. bxa4 f5 31. Qc4 Qd4 32. Qa2 Bb8 33. Rf3 Qd5 34. Qxd5 Rxd5 35. Rfxd3 Red8 36. Rxd5 exd5 37. Bg5 Rd7 38. Bf6 Ba7 39. Bd4 Bxd4 40. Rxd4 Kf7 41. Kg1 Ke6 42. Kf2 Rb7 43. a5 Rb2+ 44. Kf3 Ra2 45. Rb4 Rxa5 46. Rb7 h5 47. Rb6+ Kf7 48. Kf4 Ra2 49. g3 Ra3 50. h4 d4 51. Rd6 d3 52. Ke5 Ke7 53. Rxg6 d2 54. Re6+ Kf7 55. Rd6 Rxg3 56. Kxf5 Rg2 57. Rd3 Ke7 58. Rd5 Ke8 59. Rd3 Ke7 60. Rd5 Kf7 61. Rd7+ Ke8 62. Rd3 Rh2 63. Kg5 Kf7 64. Kxh5 Kf6 65. Rf3+ Ke5 66. Rd3 Ke4 67. Rd8 Ke3 68. Kg5 Rg2+ 69. Kf6 Rf2+ 70. Kg6 Rf4 71. Rxd2 Kxd2 72. h5 Rg4+ 73. Kf7 Rh4 74. Kg6 Ke3 75. h6 Ke4 76. h7 Ke5 77. Kg7 Rg4+ 78. Kf7 Rf4+ 79. Kg7 Rg4+ 80. Kh8 Kf6 1/2-1/2

[Event "Titled Tuesday intern op 22nd Aug Early"]
[Site "Chess.com INT"]
[Date "2023.08.22"]
[Round "2"]
[White "Marn, Jan"]
[Black "Schut, Han"]
[Result "1-0"]
[WhiteElo "2324"]
[BlackElo "2091"]
[PlyCount "63"]
[EventDate "2023.08.22"]
[EventType "swiss (blitz)"]
[EventRounds "11"]
[EventCountry "USA"]
[SourceTitle "EXT 2024"]
[Source "ChessBase"]
[SourceDate "2023.10.10"]
[SourceVersion "1"]
[SourceVersionDate "2023.10.10"]
[SourceQuality "1"]

1. d4 Nf6 2. Nf3 g6 3. Nbd2 d5 4. e3 Bg7 5. b4 a5 6. b5 c5 7. bxc6 bxc6 8. Ba3 Nbd7 9. Rb1 c5 10. dxc5 Ne4 11. Nxe4 dxe4 12. Nd4 Qc7 13. c6 Ne5 14. Bb5 0-0 15. 0-0 Rd8 16. Qc1 Ba6 17. Bc5 Bxb5 18. Rxb5 Nxc6 19. Bb6 Qc8 20. Bxd8 Nxd4 21. exd4 Qxd8 22. d5 Qd7 23. c4 f5 24. Rd1 Qd6 25. c5 Qe5 26. c6 Kf7 27. Qc4 Qf4 28. d6+ e6 29. d7 Be5 30. g3 Qf3 31. d8Q e3 32. Rd7# 1-0

[Event "Titled Tuesday intern op 22nd Aug Early"]
[Site "Chess.com INT"]
[Date "2023.08.22"]
[Round "11"]
[White "Tologontegin, Semetey"]
[Black "Marn, Jan"]
[Result "0-1"]
[WhiteElo "2368"]
[BlackElo "2324"]
[PlyCount "150"]
[EventDate "2023.08.22"]
[EventType "swiss (blitz)"]
[EventRounds "11"]
[EventCountry "USA"]
[SourceTitle "EXT 2024"]
[Source "ChessBase"]
[SourceDate "2023.10.10"]
[SourceVersion "1"]
[SourceVersionDate "2023.10.10"]
[SourceQuality "1"]

1. e4 e5 2. Nf3 Nc6 3. Bb5 a6 4. Ba4 b5 5. Bb3 Na5 6. Bxf7+ Kxf7 7. Nxe5+ Ke7 8. Qh5 Qe8 9. Qh4+ Nf6 10. d4 d6 11. Nf3 Kd8 12. e5 Be7 13. 0-0 Ng4 14. Qg3 Qg6 15. Nc3 Bb7 16. exd6 Bxd6 17. Bg5+ Qxg5 18. Nxg5 Bxg3 19. hxg3 Kd7 20. f3 Ne3 21. Rf2 h6 22. Nf7 Rhe8 23. Ne5+ Kd6 24. b3 Nd5 25. Ne4+ Ke7 26. Re1 Kf8 27. Nc5 Bc8 28. Rfe2 Nf6 29. b4 Nc4 30. Ng6+ Kf7 31. Ne5+ Kg8 32. Nxc4 Rxe2 33. Rxe2 bxc4 34. Re7 Nd5 35. Re8+ Kf7 36. Rd8 Nb6 37. c3 a5 38. a3 axb4 39. axb4 Bf5 40. Rxa8 Nxa8 41. g4 Bc2 42. Kf2 Nb6 43. Ke3 Nd5+ 44. Kd2 Bb1 45. g3 c6 46. Nd7 Ke6 47. Ne5 Nb6 48. Nxc6 Bd3 49. Ne5 Bf1 50. Ng6 Nd5 51. Ne5 Kd6 52. Nf7+ Kc6 53. Nd8+ Kb5 54. Ne6 g5 55. Nc5 Bg2 56. Ne4 Bxf3 57. Nd6+ Ka4 58. Nxc4 Bxg4 59. Ne5 Bc8 60. Kd3 Bf5+ 61. Kc4 Ne3+ 62. Kc5 Nf1 63. b5 Nxg3 64. b6 Ne4+ 65. Kc6 Nxc3 66. Kc7 Nd5+ 67. Kc6 Nxb6 68. Kxb6 g4 69. Kc5 g3 70. Nf3 Be4 71. Ng1 h5 72. d5 h4 73. Kd4 Bf5 74. Ke5 h3 75. Kxf5 h2 0-1

[Event "Titled Tuesday intern op 15th Aug Early"]
[Site "Chess.com INT"]
[Date "2023.08.15"]
[Round "9"]
[White "Milosevic, Milos"]
[Black "Marn, Jan"]
[Result "1-0"]
[WhiteElo "2417"]
[BlackElo "2324"]
[PlyCount "55"]
[EventDate "2023.08.15"]
[EventType "swiss (blitz)"]
[EventRounds "11"]
[EventCountry "USA"]
[SourceTitle "EXT 2024"]
[Source "ChessBase"]
[SourceDate "2023.10.10"]
[SourceVersion "1"]
[SourceVersionDate "2023.10.10"]
[SourceQuality "1"]

1. e4 e5 2. Nf3 Nc6 3. Bc4 Bc5 4. c3 Nf6 5. d4 exd4 6. cxd4 Bb4+ 7. Bd2 Bxd2+ 8. Nbxd2 d5 9. exd5 Nxd5 10. Qb3 Na5 11. Qa4+ Nc6 12. 0-0 0-0 13. Rfe1 Nb6 14. Qc2 Nxd4 15. Nxd4 Qxd4 16. Bb3 Bd7 17. Nf3 Qf6 18. Qxc7 Bc6 19. Qe5 Qg6 20. Nh4 Qg4 21. g3 Rfe8 22. Qf5 Qxf5 23. Nxf5 Kf8 24. Nd6 Rxe1+ 25. Rxe1 Nd5 26. Nc4 a5 27. Ne5 Re8 28. Bxd5 1-0